000 00957amm a2200337a 44500
008 150317s2014 cat
017 _aB 14386-2014
041 _acat
041 _bsgn
080 _a371.9
245 _aLSC: Llengua de Signes Catalana
245 _h[en línia]
260 _aBarcelona
260 _bGeneralitat de Catalunya. Departament de Cultura. Direcció General de Política Lingüística
260 _c2014
300 _bil.
_c1 díptic
520 _a8
591 _a10482
592 _aObra terminològica
593 _aSXA
593 _aSXX
594 _a10482
650 _acatalà
_960670
650 _allengua de signes catalana
_974130
856 _uhttp://llengua.gencat.cat/web/.content/documents/publicacions/publicacions_en_linia/arxius/lsc_diptic.pdf
901 _cDL <2014>
902 _a150317
942 _cMO
_n0
999 _c66497
_d66497